00900nam a2200265 i 4500003000900000005001700009007000300026008004100029020001500070040003000085082001300115100003100128245005600159264004300215300002800258336002700286337003400313338002800347490007000375590002700445910001400472942001300486952011800499999001700617DO-SdBNP20240619114241.0ta240619s2006 dr 000 j spa d a9993462438 aDO-SdBNPbspacBNPHUerda bC843222 aCot, Carmen933788eautora10aUn paso a la vez = Un pas á la fois /cCarmen Cot 1aSanto Domingo :bUniversitaria,c2006. a49 páginas, c20 cm. 2rdacontentatextobtxt 2rdamediaasin mediación bn 2rdacarrieravolumenbnc1 aPublicaciones de la Universidad Autónoma de Santo Domingov1275 aInventariado, 2024/ YL aYLockward 2ddccLF2 00102ddc51708PD-FaBNPHUbBNPHUcCTd2024-05-08eDonación l0oC843p2024-3602r2024-06-19w2024-06-19yLF2 c56895d56895